Southville International School and Colleges
Your cart is empty.
  • Cart
  • Lists
    Public lists Eva Luna New books Lux_list list_1
    Your lists Log in to create your own lists
  • Log in to your account
  • Your cookies
  • Search history
Southville International School and Colleges
  • Advanced search
  • Recent comments
  • Most popular
  • Libraries

Log in to your account

Log in with GOOGLE


If you do not have an external account, but do have a local account, you can still log in:

  1. Home
  2. MARC view: The Story of the Great War, Volume 7 :
Normal view MARC view ISBD view

The Story of the Great War, Volume 7 : (Record no. 263416)

[ view plain ]
MARC details
000 -LEADER
fixed length control field 00865cam a22002293a 4500
001 - CONTROL NUMBER
control field 34161
003 - CONTROL NUMBER IDENTIFIER
control field PGUSA
005 - DATE AND TIME OF LATEST TRANSACTION
control field 20140828083734.0
008 - FIXED-LENGTH DATA ELEMENTS--GENERAL INFORMATION
fixed length control field 101105s2010||||xxu|||||s|||||000 | eng d
040 ## - CATALOGING SOURCE
Original cataloging agency PGUSA
Language of cataloging eng
042 ## - AUTHENTICATION CODE
Authentication code dc
245 14 - TITLE STATEMENT
Title The Story of the Great War, Volume 7 :
Remainder of title American Food and Ships; Palestine; Italy invaded; Great German Offensive; Americans in Picardy; Americans on the Marne; Foch's Counteroffensive.
Medium [electronic resource] /
Statement of responsibility, etc Various
260 ## - PUBLICATION, DISTRIBUTION, ETC. (IMPRINT)
Name of publisher, distributor, etc Project Gutenberg,
Date of publication, distribution, etc 2010
506 ## - RESTRICTIONS ON ACCESS NOTE
Terms governing access Public domain in the USA.
516 ## - TYPE OF COMPUTER FILE OR DATA NOTE
Type of computer file or data note Electronic text
700 1# - ADDED ENTRY--PERSONAL NAME
Personal name Churchill, Allen L.
Fuller form of name (Allen Leon),
Dates associated with a name 1873-
700 1# - ADDED ENTRY--PERSONAL NAME
Personal name Reynolds, Francis J.
Fuller form of name (Francis Joseph),
Dates associated with a name 1867-1937
700 1# - ADDED ENTRY--PERSONAL NAME
Personal name Miller, Francis Trevelyan,
Dates associated with a name 1877-1959
830 #0 - SERIES ADDED ENTRY--UNIFORM TITLE
Uniform title Project Gutenberg
Volume number/sequential designation 34161
856 40 - ELECTRONIC LOCATION AND ACCESS
Uniform Resource Identifier <a href="http://www.gutenberg.org/ebooks/34161">http://www.gutenberg.org/ebooks/34161</a>
942 ## - ADDED ENTRY ELEMENTS (KOHA)
Koha item type eBooks
Holdings
Withdrawn status Lost status Damaged status Home library Current library Date acquired Total Checkouts Date last seen Price effective from Koha item type
      Project Gutenberg Project Gutenberg 08/28/2014   08/28/2014 08/28/2014 eBooks

The Story of the Great War, Volume 7 :

APA

Churchill A. L., Reynolds F. J. & Miller F. T. (2010). The Story of the Great War, Volume 7. : Project Gutenberg.

Chicago

Churchill Allen L, Reynolds Francis J and Miller Francis Trevelyan. 2010. The Story of the Great War, Volume 7. : Project Gutenberg.

Harvard

Churchill A. L., Reynolds F. J. and Miller F. T. (2010). The Story of the Great War, Volume 7. : Project Gutenberg.

MLA

Churchill Allen L, Reynolds Francis J and Miller Francis Trevelyan. The Story of the Great War, Volume 7. : Project Gutenberg. 2010.

  • Place hold
  • Print
  • Cite
  • Add to your cart (remove)
  • Save record
    BIBTEX Dublin Core MARCXML MARC (non-Unicode/MARC-8) MARC (Unicode/UTF-8) MARC (Unicode/UTF-8, Standard) MODS (XML) RIS
  • More searches
    Search for this title in:
    Other Libraries (WorldCat) Other Databases (Google Scholar) Online Stores (Bookfinder.com) Open Library (openlibrary.org)

Exporting to Dublin Core...

SOUTHVILLE LIBRARY

Southville International School and Colleges Library

1281 Tropical Ave. Cor. Luxembourg St., BF Homes International, Las Pinas City

Tel. No. 8256374 / 252358 Loc. 117/146

Powered by Koha